<?xml version="1.0" encoding="UTF-8"?>
<record
    xmlns:xsi="http://www.w3.org/2001/XMLSchema-instance"
    xsi:schemaLocation="http://www.loc.gov/MARC21/slim http://www.loc.gov/standards/marcxml/schema/MARC21slim.xsd"
    xmlns="http://www.loc.gov/MARC21/slim">

  <leader>02591cam a2200349 i 4500</leader>
  <controlfield tag="001">9691605</controlfield>
  <controlfield tag="003">CaAEU</controlfield>
  <controlfield tag="005">20250516111900.0</controlfield>
  <controlfield tag="008">200211s2020    nyu      b    001 0 eng  </controlfield>
  <datafield tag="010" ind1=" " ind2=" ">
    <subfield code="a">  2020932931</subfield>
  </datafield>
  <datafield tag="020" ind1=" " ind2=" ">
    <subfield code="a">9780316498821</subfield>
  </datafield>
  <datafield tag="035" ind1=" " ind2=" ">
    <subfield code="a">on1243906879</subfield>
  </datafield>
  <datafield tag="039" ind1=" " ind2=" ">
    <subfield code="a">exclude</subfield>
  </datafield>
  <datafield tag="040" ind1=" " ind2=" ">
    <subfield code="a">DLC</subfield>
    <subfield code="b">eng</subfield>
    <subfield code="e">rda</subfield>
    <subfield code="c">DLC</subfield>
    <subfield code="d">OCLCO</subfield>
    <subfield code="d">YDX</subfield>
    <subfield code="d">BDX</subfield>
    <subfield code="d">GK8</subfield>
    <subfield code="d">JBL</subfield>
    <subfield code="d">YDXIT</subfield>
    <subfield code="d">OCLCF</subfield>
    <subfield code="d">OCO</subfield>
    <subfield code="d">GPM</subfield>
    <subfield code="d">NTE</subfield>
    <subfield code="d">OCL</subfield>
    <subfield code="d">AEVC</subfield>
  </datafield>
  <datafield tag="041" ind1="1" ind2=" ">
    <subfield code="a">eng</subfield>
    <subfield code="h">fre</subfield>
  </datafield>
  <datafield tag="042" ind1=" " ind2=" ">
    <subfield code="a">pcc</subfield>
  </datafield>
  <datafield tag="050" ind1="0" ind2="0">
    <subfield code="a">HM821</subfield>
    <subfield code="b">.S565 2020</subfield>
  </datafield>
  <datafield tag="100" ind1=" " ind2=" ">
    <subfield code="a">Sibony, Olivier</subfield>
    <subfield code="d">1967-</subfield>
    <subfield code="e">author.</subfield>
    <subfield code="9">24933</subfield>
  </datafield>
  <datafield tag="240" ind1="1" ind2="0">
    <subfield code="a">Vous allez commettre une terrible erreur!</subfield>
    <subfield code="l">English</subfield>
  </datafield>
  <datafield tag="245" ind1="1" ind2="0">
    <subfield code="a">You're about to make a terrible mistake! </subfield>
    <subfield code="b">: how biases distort decision-making--and what you can do to fight them </subfield>
    <subfield code="c">/ Olivier Sibony ; translated by Kate Deimling.</subfield>
  </datafield>
  <datafield tag="264" ind1=" " ind2="1">
    <subfield code="a">New York :</subfield>
    <subfield code="b">Little, Brown Spark,</subfield>
    <subfield code="c">[2020]</subfield>
  </datafield>
  <datafield tag="300" ind1=" " ind2=" ">
    <subfield code="a">viii, 328 pages ;</subfield>
    <subfield code="c">25 cm</subfield>
  </datafield>
  <datafield tag="500" ind1=" " ind2=" ">
    <subfield code="a">Translation of: Vous allez commettre une terrible erreur!</subfield>
  </datafield>
  <datafield tag="504" ind1=" " ind2=" ">
    <subfield code="a">Includes bibliographical references (pages 295-316) and index.</subfield>
  </datafield>
  <datafield tag="520" ind1=" " ind2=" ">
    <subfield code="a">We all make decisions all the time. It's so natural that we hardly stop to think about it. Yet even the smartest and most experienced among us make frequent and predictable errors. So, what makes a good decision? Should we trust our intuitions, and if so, when? How can we avoid being tripped up by cognitive biases when we are not even aware of them?

In You're About to Make a Terrible Mistake!, strategy professor and management consultant Olivier Sibony draws on dozens of fascinating and engaging case studies to show how cognitive biases routinely lead all of us -- including even the most renowned business titans -- into nine common decision-making traps. But instead of rehashing the same old "debiasing" techniques that fail managers time and again, Sibony explains that the best way to avoid the pitfalls of cognitive bias is to craft an effective decision-making architecture in your organization -- a system of techniques and processes that leverage collective intelligence to help leaders make the best decisions possible -- and provides 40 concrete methods for doing so.

Distinctive in the clarity and practicality of its message, You're About to Make a Terrible Mistake! distills the latest developments in behavioral economics and cognitive psychology into actionable tools for making smart, effective decisions in business and beyond.</subfield>
  </datafield>
  <datafield tag="650" ind1=" " ind2="0">
    <subfield code="a">Discrimination</subfield>
    <subfield code="9">13533</subfield>
  </datafield>
  <datafield tag="650" ind1=" " ind2="0">
    <subfield code="a">Objectivity.</subfield>
    <subfield code="9">25071</subfield>
  </datafield>
  <datafield tag="650" ind1=" " ind2="0">
    <subfield code="a">Prejudices.</subfield>
  </datafield>
  <datafield tag="650" ind1=" " ind2="0">
    <subfield code="a">Decision making</subfield>
    <subfield code="9">339</subfield>
  </datafield>
  <datafield tag="650" ind1=" " ind2="0">
    <subfield code="a">Success in business</subfield>
    <subfield code="9">1506</subfield>
  </datafield>
  <datafield tag="942" ind1=" " ind2=" ">
    <subfield code="2">lcc</subfield>
  </datafield>
  <datafield tag="952" ind1=" " ind2=" ">
    <subfield code="0">0</subfield>
    <subfield code="1">0</subfield>
    <subfield code="2">lcc</subfield>
    <subfield code="4">0</subfield>
    <subfield code="7">0</subfield>
    <subfield code="a">TBS</subfield>
    <subfield code="b">TBS</subfield>
    <subfield code="d">2025-03-27</subfield>
    <subfield code="l">1</subfield>
    <subfield code="o">HM821 SIB</subfield>
    <subfield code="p">B05935</subfield>
    <subfield code="r">2025-06-25</subfield>
    <subfield code="s">2025-03-28</subfield>
    <subfield code="t">1</subfield>
    <subfield code="w">2025-03-27</subfield>
    <subfield code="y">1</subfield>
  </datafield>
  <datafield tag="999" ind1=" " ind2=" ">
    <subfield code="c">4601</subfield>
    <subfield code="d">4601</subfield>
  </datafield>
</record>
